| 000 | 00000nam##2200000za#4500 |
| 001 | 9.604339 |
| 003 | CaOODSP |
| 005 | 20210624211530 |
| 007 | cr ||||||||||| |
| 008 | 150406|1997||||xxc|||||o f|0| 0 fre|d |
| 040 | |aCaOODSP|bfre |
| 043 | |an-cn--- |
| 086 | 1 |aEn56-119/4-1997-1F-PDF |
| 110 | 1 |aCanada. |bEnvironnement Canada. |
| 245 | 10|aSommaire des provinces de l'Atlantique|h[ressource électronique] |
| 246 | 17|aLe changement climatique dans le Canada atlantique |
| 260 | |aOttawa - Ontario : |bEnvironnement Canada |c[1997]. |
| 300 | |a11p.|bfigure, photographies |
| 490 | 1 |aL'Étude pan-canadienne |
| 500 | |aLe n° de catalogue (En56-119/4-1997-1) et l'ISBN (0-662-63209-5) de l'édition imprimée bilingue ont été incorrectement copiés dans l'édition électronique. |
| 590 | |a12-31-Supp|b2012-07-06 |
| 775 | 08|tAtlantic Canada summary|w(CaOODSP)9.574601 |
| 776 | 0#|tClimate impacts and adaptation : |w(CaOODSP)9.529338 |
| 776 | 0#|tLes impacts et l'adaptation à la variabilité et au changement climatique : |w(CaOODSP)9.529339 |
| 830 | #0|aL'étude pan-canadienne.|w(CaOODSP)9.503450 |
| 856 | 40|ahttp://publications.gc.ca|qPDF|s404 Ko|uhttps://publications.gc.ca/collections/Collection/En56-119-4-1997-1F.pdf |